000 00607cam a22002293a 4500
001 29847
003 PGUSA
005 20140828083638.0
008 090829s2009||||xxu|||||s|||||000 1 eng d
040 _aPGUSA
_beng
042 _adc
050 4 _aPS
100 1 _aSaltus, Edgar,
_d1855-1921
245 1 4 _aThe Paliser case
_h[electronic resource] /
_cEdgar Saltus
260 _bProject Gutenberg,
_c2009
506 _aPublic domain in the USA.
516 _aElectronic text
653 _aFiction
830 0 _aProject Gutenberg
_v29847
856 4 0 _uhttp://www.gutenberg.org/ebooks/29847
942 _cEB
999 _c259102
_d259102